Normal view
MARC view
- ACTIVITIES OF MATH'S COOPERATIVE LEARNING LESSONS
Entry Topical Term
001 - CONTROL NUMBER
- control field: 65207
003 - CONTROL NUMBER IDENTIFIER
- control field: NUST
005 - DATE AND TIME OF LATEST TRANSACTION
- control field: 20210628203411.0
008 - FIXED-LENGTH DATA ELEMENTS
- fixed length control field: 210628|| aca||aabn | a|a d
040 ## - CATALOGING SOURCE
- Original cataloging agency: NUST
- Transcribing agency: NUST
150 ## - HEADING--TOPICAL TERM
- Topical term or geographic name entry element: ACTIVITIES OF MATH'S COOPERATIVE LEARNING LESSONS
670 ## - SOURCE DATA FOUND
- Source citation: Work cat.: (NUST): Jasmine, Grace 65206, Activities of math's cooperative learning lessons, 1995
